The prokaryotes : a handbook on the biology of bacteria

Αποθηκεύτηκε σε:
Λεπτομέρειες βιβλιογραφικής εγγραφής
Άλλοι συγγραφείς: Dworkin, Martin (Επιμελητής έκδοσης), Falkow, Stanley (Επιμελητής έκδοσης)
Μορφή: Βιβλίο
Γλώσσα:English
Δημοσίευση: New York : Springer, c2006
Έκδοση:3rd ed.
Θέματα:
Ετικέτες: Προσθήκη ετικέτας
Δεν υπάρχουν, Καταχωρήστε ετικέτα πρώτοι!

MARC

LEADER 00000nam a2200000 i 4500
001 1/47383
008 070704s2006 eng d
020 |a 978-0-0387-25499-9 (set) 
020 |a 0-387-25499-4 (set) 
020 |a 978-0387-25476-0 (τ.1) 
020 |a 0-387-25476-5 (τ.1) 
020 |a 978-0387-25492-0 (τ.2) 
020 |a 0-387-25492-7 (τ.2) 
020 |a 978-0387-25493-7 (τ.3) 
020 |a 0-387-25493-5 (τ.3) 
020 |a 978-0387-25494-4 (τ.4) 
020 |a 0-387-25494-3 (τ.4) 
020 |a 978-0387-25495-1 (τ.5) 
020 |a 0-387-25495-1 (τ.5) 
020 |a 978-0387-25496-8 (τ.6) 
020 |a 0-387-25496-X (τ.6) 
020 |a 978-0387-25497-5 (τ.7) 
020 |a 0-387-25497-8 (τ.7) 
035 |l 10088629 
040 |a GR-MY-UA  |b gre  |e aacr 
041 0 |a eng 
082 0 |a 579.3012  |2 (22) 
245 1 4 |a The prokaryotes :  |b a handbook on the biology of bacteria /  |c Martin Dworkin, editor-in-chief ; Stanley Falkow ... [et al.], editors 
250 |a 3rd ed.  
260 |a New York :   |b Springer,   |c c2006 
300 |a 7τ.;  |b έγχρ. εικ.;  |c 29 εκ. 
504 |a Περιέχει βιβλιογραφικές αναφορές και ευρετήριο 
505 0 |a Τ.1. Symbiotic associations, biotechnology, applied microbiology - τ.2. Ecophysiology and biochemistry - τ.3. Archaea. Bacteria: firmicutes, actinomycetes - τ.4. Bacteria: firmicutes, cyanobacteria - τ.5. Proteobacteria: alpha and beta subclasses - τ.6. Proteobacteria: gamma subclasses - τ.7. Proteobacteria: delta and epsilon subclasses. Deeply rooting bacteria 
650 0 0 |a Bacteria. 
650 0 0 |a Prokaryotes  |x Physiology. 
650 0 0 |a Prokaryotes  |x Classification. 
650 0 0 |a Bacteriology  |x Classification. 
700 1 |a Dworkin, Martin.  |4 edt 
700 1 |a Falkow, Stanley.  |4 edt 
852 |a INST  |b LESVOS  |e 20070704  |h 579.3012 PRO  |p 005100037858  |q 005100037858  |t REF  |y 23  |z τ.3 
852 |a INST  |b LESVOS  |e 20070704  |h 579.3012 PRO  |p 005100037859  |q 005100037859  |t REF  |y 23  |z τ.5 
852 |a INST  |b LESVOS  |e 20070704  |h 579.3012 PRO  |p 005100037860  |q 005100037860  |t REF  |y 23  |z τ.7 
852 |a INST  |b LESVOS  |e 20070704  |h 579.3012 PRO  |p 005100037861  |q 005100037861  |t REF  |y 23  |z τ.6 
852 |a INST  |b LESVOS  |e 20070704  |h 579.3012 PRO  |p 005100037862  |q 005100037862  |t REF  |y 23  |z τ.4 
852 |a INST  |b LESVOS  |e 20070704  |h 579.3012 PRO  |p 005100037863  |q 005100037863  |t REF  |y 23  |z τ.2 
852 |a INST  |b LESVOS  |e 20070704  |h 579.3012 PRO  |p 005100037864  |q 005100037864  |t REF  |y 23  |z τ.1 
852 |a INST  |b LESVOS  |e 20070704  |h 579.3012 PRO  |p 005100037858  |q 005100037858  |t REF  |v τ.3:  |y 23  |z τ.3 
852 |a INST  |b LESVOS  |e 20070704  |h 579.3012 PRO  |p 005100037859  |q 005100037859  |t REF  |v τ.5:  |y 23  |z τ.5 
852 |a INST  |b LESVOS  |e 20070704  |h 579.3012 PRO  |p 005100037860  |q 005100037860  |t REF  |v τ.7:  |y 23  |z τ.7 
852 |a INST  |b LESVOS  |e 20070704  |h 579.3012 PRO  |p 005100037861  |q 005100037861  |t REF  |v τ.6:  |y 23  |z τ.6 
852 |a INST  |b LESVOS  |e 20070704  |h 579.3012 PRO  |p 005100037862  |q 005100037862  |t REF  |v τ.4:  |y 23  |z τ.4 
852 |a INST  |b LESVOS  |e 20070704  |h 579.3012 PRO  |p 005100037863  |q 005100037863  |t REF  |v τ.2:  |y 23  |z τ.2 
852 |a INST  |b LESVOS  |e 20070704  |h 579.3012 PRO  |p 005100037864  |q 005100037864  |t REF  |v τ.1:  |y 23  |z τ.1 
853 |a INST  |b LESVOS  |h 579.3012 PRO 
901 |a BIBL1-2007-2 
909 |a Λ  |b 135439 
909 |a Λ  |b 135440 
909 |a Λ  |b 135441 
909 |a Λ  |b 135442 
909 |a Λ  |b 135443 
909 |a Λ  |b 135444 
909 |a Λ  |b 135445 
922 |a 1ΕΛΗ  |b 200706  |c ΕΠΕΑΕΚ2/ΤΕΘ  |d ΕΛΕΥΘΕΡΟΥΔΑΚΗΣ 
970 |a ΒΑΡΚΑ  |b ΕΛΕΥΘΕΡΙΑ  |z 2007/07/04